Ghost - the clergy - Statistics

General Stats
  • This quiz has been taken 34 times
  • The average score is 9 of 12
Answer Stats
Picture Answer % Correct
Cardinal Copia
94%
Nameless Ghouls
91%
Papa Nihil
88%
Papa V Perpetua
88%
Sister Imperator
88%
Frater Imperator
81%
Papa Emeritus I
78%
Papa Emeritus II
75%
Papa Emeritus III
75%
Papa Emeritus IV
72%
Jim DeFroque
47%
Mr Psaltarian
47%
No matching quizzes found
Score Distribution
Percent of People with Each Score
Percentile by Number Answered
Your Score History
You have not taken this quiz